[Event "DEM U8 2024"]
[Site "Willingen GER"]
[Date "2024.05.24"]
[Round "5"]
[White "Stanisic, Lukas"]
[Black "Guliyev, Kamran"]
[Result "1/2-1/2"]
[Termination "normal"]
[Board "15"]
[WhiteElo "1677"]
[BlackElo "1106"]
[WhiteClock "00:07:36"]
[BlackClock "00:28:37"]
[PlyCount "99"]
[WhiteFideId "79316433"]
[BlackFideId "34698809"]
[EventCountry "GER"]
[EventRounds "7"]
[EventType "swiss"]
[EventDate "2024.05.21"]

1. e4 {[%clk 01:00:26]} {[%emt 00:00:03]} e5 {[%clk 01:00:22]} {[%emt
00:00:08]} 2. Nf3 {[%clk 01:00:35]} {[%emt 00:00:06]} Nc6 {[%clk 01:00:19]}
{[%emt 00:00:18]} 3. d4 {[%clk 01:00:44]} {[%emt 00:00:07]} exd4 {[%emt
00:00:14]} 4. Bc4 {[%clk 01:00:45]} {[%emt 00:00:12]} d6 {[%clk 01:00:21]}
{[%emt 00:00:16]} 5. Nxd4 {[%clk 01:00:25]} {[%emt 00:00:36]} Bd7 {[%clk
00:59:50]} {[%emt 00:00:45]} 6. O-O {[%clk 00:59:53]} {[%emt 00:00:47]} Nf6
{[%clk 00:59:51]} {[%emt 00:00:14]} 7. Re1 {[%clk 00:59:49]} {[%emt 00:00:19]}
Be7 {[%clk 00:59:56]} {[%emt 00:00:11]} 8. Nc3 {[%clk 00:59:46]} {[%emt
00:00:16]} O-O {[%clk 00:59:56]} {[%emt 00:00:17]} 9. Be3 {[%clk 00:59:15]}
{[%emt 00:00:46]} Re8 {[%clk 00:59:46]} {[%emt 00:00:25]} 10. Qd2 {[%clk
00:57:50]} {[%emt 00:01:40]} Nxd4 {[%clk 00:59:25]} {[%emt 00:00:37]} 11. Bxd4
{[%clk 00:57:43]} {[%emt 00:00:22]} Bc6 {[%clk 00:58:58]} {[%emt 00:00:42]} 12.
Rad1 {[%emt 00:03:13]} Qc8 {[%emt 00:01:07]} 13. Qg5 {[%emt 00:00:58]} Qg4
{[%clk 00:55:44]} {[%emt 00:00:08]} 14. Qe3 {[%clk 00:55:01]} {[%emt 00:01:44]}
h6 {[%clk 00:51:16]} {[%emt 00:04:44]} 15. h3 {[%clk 00:51:22]} {[%emt
00:03:53]} Qd7 {[%clk 00:50:04]} {[%emt 00:01:26]} 16. Qg3 {[%clk 00:49:13]}
{[%emt 00:02:24]} Bd8 {[%clk 00:49:09]} {[%emt 00:01:10]} 17. e5 {[%clk
00:48:00]} {[%emt 00:01:28]} dxe5 {[%clk 00:48:58]} {[%emt 00:00:28]} 18. Bxe5
{[%clk 00:46:35]} {[%emt 00:01:39]} Qf5 {[%clk 00:49:13]} 19. Bb3 {[%clk
00:32:16]} {[%emt 00:14:32]} Rc8 {[%clk 00:46:28]} {[%emt 00:03:01]} 20. Nd5
{[%clk 00:29:16]} {[%emt 00:03:16]} a6 {[%clk 00:39:15]} {[%emt 00:07:30]} 21.
Nxc7 {[%clk 00:26:45]} {[%emt 00:02:46]} Bxc7 {[%clk 00:38:55]} {[%emt
00:00:35]} 22. Bxc7 {[%emt 00:00:55]} Ne4 {[%clk 00:38:43]} {[%emt 00:00:24]}
23. Qf4 {[%clk 00:25:11]} {[%emt 00:01:09]} Qxf4 {[%clk 00:36:26]} {[%emt
00:02:21]} 24. Bxf4 {[%clk 00:25:13]} {[%emt 00:00:26]} Nf6 {[%clk 00:35:31]}
{[%emt 00:01:10]} 25. Rxe8+ {[%clk 00:24:46]} {[%emt 00:00:41]} Rxe8 {[%clk
00:35:34]} {[%emt 00:00:11]} 26. Bc7 {[%clk 00:23:56]} {[%emt 00:01:05]} Kh7
{[%clk 00:35:15]} {[%emt 00:00:36]} 27. Ba5 {[%emt 00:05:01]} Rf8 {[%clk
00:33:32]} {[%emt 00:00:11]} 28. Bb4 {[%clk 00:20:53]} {[%emt 00:00:19]} Rc8
{[%clk 00:31:02]} {[%emt 00:02:42]} 29. Bxf7 {[%clk 00:20:40]} {[%emt
00:00:30]} Be4 {[%clk 00:30:28]} {[%emt 00:00:49]} 30. c3 {[%emt 00:00:52]} Ne8
{[%clk 00:29:38]} {[%emt 00:00:39]} 31. Re1 {[%clk 00:19:51]} {[%emt 00:00:53]}
Bc6 {[%clk 00:29:32]} {[%emt 00:00:21]} 32. Bxe8 {[%clk 00:19:47]} {[%emt
00:00:19]} Rxe8 {[%clk 00:29:39]} {[%emt 00:00:09]} 33. Rxe8 {[%clk 00:19:40]}
{[%emt 00:00:22]} Bxe8 {[%clk 00:29:44]} {[%emt 00:00:09]} 34. Kf1 {[%clk
00:19:10]} {[%emt 00:00:45]} Kg6 {[%clk 00:29:56]} {[%emt 00:00:03]} 35. Ke2
{[%clk 00:19:15]} {[%emt 00:00:10]} Kf6 {[%clk 00:29:59]} {[%emt 00:00:12]} 36.
Kd3 {[%clk 00:18:54]} {[%emt 00:00:36]} Bc6 {[%clk 00:30:02]} {[%emt 00:00:12]}
37. g3 {[%clk 00:18:41]} {[%emt 00:00:26]} g5 {[%clk 00:29:59]} {[%emt
00:00:19]} 38. Bc5 {[%clk 00:18:38]} {[%emt 00:00:19]} h5 {[%clk 00:30:04]}
{[%emt 00:00:09]} 39. Be3 {[%clk 00:18:17]} {[%emt 00:00:37]} Kf5 {[%clk
00:29:45]} {[%emt 00:00:33]} 40. Kc4 {[%clk 00:18:06]} {[%emt 00:00:26]} g4
{[%clk 00:28:58]} {[%emt 00:01:03]} 41. h4 {[%emt 00:00:26]} Ke4 {[%clk
00:28:54]} {[%emt 00:00:10]} 42. Kc5 {[%clk 00:17:26]} {[%emt 00:00:53]} Kd3
{[%clk 00:28:50]} {[%emt 00:00:19]} 43. c4 {[%clk 00:14:48]} {[%emt 00:02:50]}
Kc2 {[%clk 00:28:47]} {[%emt 00:00:21]} 44. Bd4 {[%clk 00:14:23]} {[%emt
00:00:39]} Kb1 {[%clk 00:28:32]} {[%emt 00:00:31]} 45. Kd6 {[%emt 00:01:01]}
Kxa2 {[%clk 00:28:34]} {[%emt 00:00:11]} 46. Ke5 {[%clk 00:13:11]} {[%emt
00:00:41]} Kb3 {[%clk 00:28:25]} {[%emt 00:00:26]} 47. c5 {[%clk 00:11:33]}
{[%emt 00:01:53]} Kc4 {[%clk 00:28:31]} {[%emt 00:00:09]} 48. Be3 {[%clk
00:10:45]} {[%emt 00:01:03]} Kb3 {[%clk 00:28:37]} {[%emt 00:00:10]} 49. Bd4
{[%clk 00:09:24]} {[%emt 00:01:35]} Kc4 {[%emt 00:02:34]} 50. Ke4 {[%clk
00:07:36]} {[%emt 00:00:12]} 1/2-1/2

[Event "DEM U8 2024"]
[Site "Willingen GER"]
[Date "2024.05.24"]
[Round "5"]
[White "Schulze, Jonas"]
[Black "Rudnizki, Valentin"]
[Result "0-1"]
[Termination "normal"]
[Board "16"]
[WhiteElo "986"]
[BlackElo "1319"]
[WhiteClock "00:26:11"]
[BlackClock "00:41:25"]
[PlyCount "104"]
[WhiteFideId "34687912"]
[BlackFideId "34673369"]
[EventCountry "GER"]
[EventRounds "7"]
[EventType "swiss"]
[EventDate "2024.05.21"]

1. e4 {[%clk 01:00:29]} c5 {[%clk 01:00:14]} {[%emt 00:00:17]} 2. Nf3 {[%clk
01:00:39]} {[%emt 00:00:05]} e6 {[%clk 01:00:12]} {[%emt 00:00:16]} 3. d4
{[%clk 01:00:46]} {[%emt 00:00:08]} d5 {[%clk 01:00:07]} {[%emt 00:00:20]} 4.
exd5 {[%clk 01:00:50]} {[%emt 00:00:10]} exd5 {[%clk 01:00:10]} {[%emt
00:00:13]} 5. Bb5+ {[%clk 01:00:51]} {[%emt 00:00:14]} Bd7 {[%clk 00:59:47]}
{[%emt 00:00:37]} 6. Bxd7+ {[%clk 01:00:52]} {[%emt 00:00:16]} Nxd7 {[%clk
00:59:51]} {[%emt 00:00:11]} 7. O-O {[%clk 01:01:02]} {[%emt 00:00:05]} Be7
{[%clk 00:59:49]} {[%emt 00:00:16]} 8. dxc5 {[%clk 01:00:59]} {[%emt 00:00:18]}
Nxc5 {[%clk 00:59:42]} {[%emt 00:00:22]} 9. Re1 {[%clk 01:00:49]} {[%emt
00:00:25]} Nf6 {[%clk 00:59:39]} {[%emt 00:00:18]} 10. Bg5 {[%clk 01:00:59]}
{[%emt 00:00:06]} O-O {[%clk 00:59:30]} {[%emt 00:00:24]} 11. Nc3 {[%clk
01:00:31]} {[%emt 00:00:43]} Nce4 {[%clk 00:57:07]} {[%emt 00:02:38]} 12. Bxf6
{[%clk 00:55:20]} {[%emt 00:05:25]} Nxf6 {[%clk 00:57:00]} {[%emt 00:00:23]}
13. Re2 {[%clk 00:54:19]} {[%emt 00:01:15]} Qd7 {[%clk 00:54:18]} {[%emt
00:02:59]} 14. Rd2 {[%clk 00:52:37]} {[%emt 00:01:55]} Rad8 {[%clk 00:54:00]}
{[%emt 00:00:34]} 15. Rd3 {[%clk 00:51:41]} {[%emt 00:01:11]} Bd6 {[%clk
00:53:47]} {[%emt 00:00:28]} 16. Qf1 {[%emt 00:03:11]} Ne4 {[%clk 00:53:12]}
17. Rdd1 {[%clk 00:43:29]} {[%emt 00:06:19]} Nxc3 {[%clk 00:51:41]} {[%emt
00:01:47]} 18. bxc3 {[%clk 00:43:35]} {[%emt 00:00:09]} Qc6 {[%clk 00:50:57]}
{[%emt 00:00:59]} 19. Qd3 {[%clk 00:42:54]} {[%emt 00:00:56]} h6 {[%clk
00:50:34]} {[%emt 00:00:37]} 20. Qf5 {[%clk 00:40:46]} {[%emt 00:01:54]} Qxc3
{[%clk 00:50:12]} {[%emt 00:01:06]} 21. Rac1 {[%clk 00:39:51]} {[%emt
00:01:07]} Qc6 {[%clk 00:49:03]} {[%emt 00:01:27]} 22. Rd4 {[%clk 00:39:32]}
{[%emt 00:00:35]} Bc5 {[%clk 00:47:32]} {[%emt 00:01:46]} 23. Rh4 {[%clk
00:38:39]} {[%emt 00:01:07]} Qe6 {[%clk 00:46:41]} {[%emt 00:01:06]} 24. Qd3
{[%clk 00:37:17]} {[%emt 00:01:34]} Rfe8 {[%clk 00:46:11]} {[%emt 00:00:47]}
25. h3 {[%clk 00:35:29]} {[%emt 00:02:04]} Qg6 {[%clk 00:45:21]} {[%emt
00:01:05]} 26. Qc3 {[%clk 00:34:43]} {[%emt 00:00:36]} Rc8 {[%clk 00:45:07]}
{[%emt 00:00:54]} 27. Qb2 {[%clk 00:34:36]} {[%emt 00:00:20]} Qb6 {[%clk
00:44:24]} {[%emt 00:01:01]} 28. Qxb6 {[%clk 00:32:43]} {[%emt 00:02:08]} Bxb6
{[%clk 00:44:30]} {[%emt 00:00:09]} 29. Rh5 {[%clk 00:32:29]} {[%emt 00:00:28]}
Rcd8 {[%clk 00:43:58]} {[%emt 00:00:48]} 30. Rd1 {[%clk 00:32:09]} {[%emt
00:00:34]} d4 {[%clk 00:43:33]} {[%emt 00:00:40]} 31. Rh4 {[%clk 00:31:25]}
{[%emt 00:00:53]} Re2 {[%clk 00:43:08]} {[%emt 00:00:46]} 32. Nxd4 {[%clk
00:30:45]} {[%emt 00:00:55]} Bxd4 {[%clk 00:43:15]} {[%emt 00:00:08]} 33. Rhxd4
{[%clk 00:30:40]} {[%emt 00:00:19]} Rxd4 {[%clk 00:43:14]} {[%emt 00:00:16]}
34. Rxd4 {[%clk 00:30:49]} {[%emt 00:00:06]} Rxc2 {[%clk 00:43:22]} {[%emt
00:00:07]} 35. Rd7 {[%clk 00:30:43]} {[%emt 00:00:08]} Rxa2 {[%clk 00:43:25]}
{[%emt 00:00:26]} 36. Rxb7 {[%clk 00:30:52]} {[%emt 00:00:06]} a5 {[%clk
00:43:24]} {[%emt 00:00:16]} 37. Ra7 {[%emt 00:00:04]} a4 {[%emt 00:00:12]} 38.
Kh2 {[%clk 00:30:44]} {[%emt 00:00:06]} a3 {[%clk 00:43:15]} {[%emt 00:00:24]}
39. Kg3 {[%clk 00:30:28]} {[%emt 00:00:30]} Ra1 {[%clk 00:43:15]} {[%emt
00:00:16]} 40. f3 {[%clk 00:30:35]} {[%emt 00:00:07]} a2 {[%clk 00:43:17]}
{[%emt 00:00:14]} 41. Ra8+ {[%clk 00:30:21]} {[%emt 00:00:29]} Kh7 {[%clk
00:43:23]} {[%emt 00:00:09]} 42. Kg4 {[%clk 00:29:55]} {[%emt 00:00:40]} Kg6
{[%clk 00:43:04]} {[%emt 00:00:35]} 43. Ra6+ {[%clk 00:29:55]} {[%emt
00:00:16]} f6 {[%clk 00:43:13]} {[%emt 00:00:06]} 44. Ra7 {[%clk 00:29:34]}
{[%emt 00:00:35]} h5+ {[%clk 00:43:02]} {[%emt 00:00:26]} 45. Kf4 {[%clk
00:29:10]} {[%emt 00:00:39]} Kh6 {[%clk 00:42:46]} {[%emt 00:00:31]} 46. Kf5
{[%clk 00:29:05]} {[%emt 00:00:19]} Kh7 {[%clk 00:42:31]} {[%emt 00:00:31]} 47.
Ra8 {[%clk 00:28:32]} {[%emt 00:00:48]} h4 {[%clk 00:41:51]} {[%emt 00:00:56]}
48. Kg4 {[%emt 00:00:50]} Rd1 {[%clk 00:41:44]} 49. Rxa2 {[%clk 00:28:09]}
{[%emt 00:00:26]} Rd4+ {[%clk 00:41:50]} {[%emt 00:00:08]} 50. f4 {[%clk
00:27:22]} {[%emt 00:01:02]} g5 {[%clk 00:41:46]} {[%emt 00:00:19]} 51. Rf2
{[%clk 00:27:08]} {[%emt 00:00:29]} Kg6 {[%clk 00:41:25]} {[%emt 00:00:36]} 52.
Rf3 {[%clk 00:26:11]} {[%emt 00:01:12]} f5# {[%clk 00:41:25]} {[%emt 00:00:12]}
0-1

[Event "DEM U8 2024"]
[Site "Willingen GER"]
[Date "2024.05.24"]
[Round "5"]
[White "Gerhardt, Noah"]
[Black "Liu, Mio Runhan"]
[Result "0-1"]
[Termination "normal"]
[Board "17"]
[WhiteElo "1244"]
[BlackElo "1101"]
[WhiteClock "00:28:13"]
[BlackClock "00:33:12"]
[PlyCount "154"]
[WhiteFideId "34696083"]
[BlackFideId "34678760"]
[EventCountry "GER"]
[EventRounds "7"]
[EventType "swiss"]
[EventDate "2024.05.21"]

1. e4 {[%clk 01:00:29]} {[%emt 00:00:01]} e5 {[%clk 01:00:38]} {[%emt
00:00:08]} 2. Nf3 {[%clk 01:00:38]} {[%emt 00:00:05]} Nc6 {[%clk 01:00:48]}
{[%emt 00:00:05]} 3. Bc4 {[%clk 01:00:41]} {[%emt 00:00:11]} Bc5 {[%clk
01:00:42]} {[%emt 00:00:14]} 4. O-O {[%clk 01:00:53]} {[%emt 00:00:09]} Nf6
{[%clk 01:00:47]} {[%emt 00:00:11]} 5. Nc3 {[%clk 01:01:01]} {[%emt 00:00:07]}
O-O {[%clk 01:00:43]} {[%emt 00:00:19]} 6. d3 {[%clk 01:01:09]} {[%emt
00:00:07]} h6 {[%clk 01:00:52]} {[%emt 00:00:07]} 7. Be3 {[%clk 01:00:59]}
{[%emt 00:00:24]} Bb6 {[%clk 01:01:00]} {[%emt 00:00:09]} 8. Na4 {[%clk
01:00:40]} {[%emt 00:00:33]} d6 {[%clk 01:00:44]} {[%emt 00:00:31]} 9. h3
{[%clk 01:00:41]} {[%emt 00:00:12]} Be6 {[%clk 01:00:31]} {[%emt 00:00:33]} 10.
Nxb6 {[%clk 01:00:38]} {[%emt 00:00:17]} axb6 {[%clk 01:00:04]} {[%emt
00:00:29]} 11. Bb3 {[%clk 01:00:38]} {[%emt 00:00:26]} Qd7 {[%clk 00:58:19]}
{[%emt 00:01:56]} 12. Re1 {[%clk 00:59:25]} {[%emt 00:01:33]} Nb4 {[%emt
00:02:19]} 13. Bxe6 {[%clk 00:58:50]} {[%emt 00:00:24]} fxe6 {[%clk 00:56:37]}
{[%emt 00:00:13]} 14. c3 {[%clk 00:58:31]} {[%emt 00:00:40]} Nc6 {[%clk
00:56:17]} {[%emt 00:00:29]} 15. Bd2 {[%clk 00:58:02]} {[%emt 00:00:50]} Qf7
{[%clk 00:55:16]} {[%emt 00:01:16]} 16. d4 {[%clk 00:57:41]} {[%emt 00:00:36]}
Qg6 {[%clk 00:55:03]} {[%emt 00:02:59]} 17. Nh4 {[%clk 00:57:35]} {[%emt
00:00:44]} Qh7 {[%clk 00:54:36]} {[%emt 00:00:40]} 18. Qb3 {[%clk 00:55:13]}
{[%emt 00:02:33]} Rae8 {[%clk 00:53:51]} {[%emt 00:00:59]} 19. Qc2 {[%clk
00:53:44]} {[%emt 00:01:50]} d5 {[%clk 00:53:29]} {[%emt 00:00:31]} 20. dxe5
{[%clk 00:51:22]} {[%emt 00:02:43]} Nxe4 {[%clk 00:51:53]} {[%emt 00:00:54]}
21. Be3 {[%clk 00:50:29]} {[%emt 00:02:58]} Nxe5 {[%clk 00:51:19]} {[%emt
00:00:44]} 22. f3 {[%clk 00:48:49]} {[%emt 00:02:40]} Nd6 {[%emt 00:02:37]} 23.
Qxh7+ {[%emt 00:00:21]} Kxh7 {[%clk 00:48:17]} {[%emt 00:00:12]} 24. Rad1
{[%clk 00:47:31]} {[%emt 00:01:38]} g5 {[%clk 00:48:03]} {[%emt 00:00:26]} 25.
f4 {[%clk 00:46:46]} {[%emt 00:01:04]} gxf4 {[%clk 00:47:55]} {[%emt 00:00:16]}
26. Bd4 {[%clk 00:46:55]} {[%emt 00:00:14]} Nec4 {[%clk 00:47:20]} {[%emt
00:00:36]} 27. b3 {[%clk 00:46:44]} {[%emt 00:00:40]} Na5 {[%clk 00:47:19]}
{[%emt 00:00:12]} 28. Nf3 {[%clk 00:45:43]} {[%emt 00:01:20]} Ne4 {[%clk
00:47:11]} {[%emt 00:00:16]} 29. Nd2 {[%clk 00:44:46]} {[%emt 00:01:16]} c5
{[%clk 00:47:11]} {[%emt 00:00:18]} 30. Nxe4 {[%clk 00:44:12]} {[%emt
00:00:49]} cxd4 {[%clk 00:46:17]} {[%emt 00:00:23]} 31. Nd6 {[%clk 00:43:58]}
{[%emt 00:01:13]} Rd8 {[%clk 00:46:10]} {[%emt 00:00:23]} 32. Nb5 {[%clk
00:43:13]} {[%emt 00:01:01]} dxc3 {[%emt 00:00:19]} 33. Nxc3 {[%emt 00:00:28]}
f3 {[%clk 00:44:49]} {[%emt 00:00:49]} 34. Rxe6 {[%clk 00:41:09]} {[%emt
00:02:19]} f2+ {[%clk 00:44:30]} {[%emt 00:00:30]} 35. Kf1 {[%clk 00:41:15]}
{[%emt 00:00:14]} d4 {[%clk 00:43:52]} {[%emt 00:00:52]} 36. Nb5 {[%clk
00:40:39]} {[%emt 00:00:53]} d3 {[%clk 00:43:30]} {[%emt 00:00:35]} 37. Nd6
{[%clk 00:40:14]} {[%emt 00:00:41]} Ra8 {[%clk 00:42:30]} {[%emt 00:01:15]} 38.
Rxd3 {[%clk 00:40:04]} {[%emt 00:00:24]} Nc6 {[%clk 00:40:01]} {[%emt
00:02:39]} 39. Rd2 {[%clk 00:38:26]} {[%emt 00:01:59]} Nb4 {[%clk 00:39:28]}
{[%emt 00:00:48]} 40. Rxf2 {[%clk 00:37:55]} {[%emt 00:00:45]} Rxf2+ {[%clk
00:39:36]} {[%emt 00:00:06]} 41. Kxf2 {[%clk 00:37:55]} {[%emt 00:00:15]} Rxa2+
{[%clk 00:39:36]} {[%emt 00:00:16]} 42. Re2 {[%clk 00:38:00]} {[%emt 00:00:09]}
Ra3 {[%clk 00:38:32]} {[%emt 00:01:16]} 43. Re7+ {[%clk 00:37:14]} {[%emt
00:01:04]} Kg6 {[%clk 00:38:28]} {[%emt 00:00:18]} 44. Rxb7 {[%clk 00:37:19]}
{[%emt 00:00:11]} Rxb3 {[%clk 00:38:26]} {[%emt 00:00:17]} 45. Rxb6 {[%clk
00:37:18]} {[%emt 00:00:16]} Nd3+ {[%clk 00:38:28]} {[%emt 00:00:14]} 46. Ke2
{[%clk 00:36:10]} {[%emt 00:01:22]} Rxb6 {[%clk 00:38:34]} {[%emt 00:00:10]}
47. Nc4 {[%clk 00:36:13]} {[%emt 00:00:11]} Nf4+ {[%clk 00:38:29]} {[%emt
00:00:19]} 48. Kf3 {[%clk 00:36:15]} {[%emt 00:00:14]} Rb4 {[%clk 00:38:12]}
{[%emt 00:00:33]} 49. Ne5+ {[%clk 00:36:14]} {[%emt 00:00:15]} Kf5 {[%clk
00:37:53]} {[%emt 00:00:22]} 50. Ng4 {[%clk 00:35:49]} {[%emt 00:00:51]} Rb3+
{[%clk 00:37:41]} {[%emt 00:00:28]} 51. Ne3+ {[%clk 00:35:58]} {[%emt
00:00:07]} Ke5 {[%clk 00:37:28]} {[%emt 00:00:27]} 52. Kf2 {[%clk 00:35:49]}
{[%emt 00:00:23]} Ke4 {[%clk 00:37:04]} {[%emt 00:00:39]} 53. Nc4 {[%clk
00:35:20]} {[%emt 00:00:45]} Kd4 {[%clk 00:36:11]} {[%emt 00:01:06]} 54. Nd6
{[%clk 00:34:25]} {[%emt 00:01:12]} Rb2+ {[%clk 00:36:02]} {[%emt 00:00:24]}
55. Kf3 {[%clk 00:34:26]} {[%emt 00:00:13]} Nxg2 {[%clk 00:34:56]} {[%emt
00:01:22]} 56. Nf5+ {[%clk 00:34:12]} {[%emt 00:00:30]} Ke5 {[%clk 00:34:49]}
{[%emt 00:00:21]} 57. Nxh6 {[%clk 00:34:06]} {[%emt 00:00:22]} Nh4+ {[%clk
00:34:49]} {[%emt 00:00:15]} 58. Kg4 {[%clk 00:33:38]} {[%emt 00:00:43]} Rb4+
{[%clk 00:34:40]} {[%emt 00:00:24]} 59. Kg5 {[%clk 00:33:30]} {[%emt 00:00:22]}
Nf3 {[%clk 00:34:29]} {[%emt 00:00:27]} 60. Kg6 {[%clk 00:33:14]} {[%emt
00:00:31]} Ke6 {[%clk 00:33:22]} {[%emt 00:01:20]} 61. Nf5 {[%clk 00:31:39]}
{[%emt 00:01:49]} Nh4 {[%clk 00:33:09]} {[%emt 00:00:31]} 62. Nxh4 {[%clk
00:31:08]} {[%emt 00:00:47]} Rxh4 {[%clk 00:33:03]} {[%emt 00:00:14]} 63. Kg5
{[%clk 00:31:23]} Rxh3 {[%clk 00:32:48]} {[%emt 00:00:36]} 64. Kg4 {[%clk
00:31:30]} {[%emt 00:00:08]} Ra3 {[%clk 00:32:32]} {[%emt 00:00:30]} 65. Kf4
{[%clk 00:30:39]} {[%emt 00:01:05]} Kd5 {[%clk 00:32:37]} {[%emt 00:00:13]} 66.
Kg5 {[%clk 00:29:58]} {[%emt 00:00:55]} Re3 {[%clk 00:32:37]} {[%emt 00:00:17]}
67. Kf6 {[%clk 00:29:50]} {[%emt 00:00:21]} Re5 {[%clk 00:32:41]} {[%emt
00:00:12]} 68. Kg6 {[%clk 00:29:39]} {[%emt 00:00:18]} Ke6 {[%clk 00:32:43]}
{[%emt 00:00:21]} 69. Kg7 {[%clk 00:29:56]} {[%emt 00:00:25]} Rf5 {[%clk
00:33:15]} {[%emt 00:00:17]} 70. Kg6 {[%clk 00:30:00]} {[%emt 00:00:10]} Ke5
{[%clk 00:32:52]} {[%emt 00:00:38]} 71. Kg7 {[%clk 00:30:00]} {[%emt 00:00:13]}
Rf6 {[%clk 00:32:54]} {[%emt 00:00:14]} 72. Kh7 {[%clk 00:29:39]} {[%emt
00:00:37]} Kd6 {[%clk 00:32:56]} {[%emt 00:00:13]} 73. Kg8 {[%clk 00:29:35]}
{[%emt 00:00:21]} Kd7 {[%clk 00:32:47]} {[%emt 00:00:23]} 74. Kg7 {[%clk
00:28:41]} {[%emt 00:01:08]} Ke7 {[%clk 00:32:55]} {[%emt 00:00:07]} 75. Kh8
{[%clk 00:28:09]} {[%emt 00:00:48]} Kf7 {[%clk 00:32:55]} {[%emt 00:00:13]} 76.
Kh7 {[%clk 00:28:08]} {[%emt 00:00:16]} Ra6 {[%clk 00:33:04]} {[%emt 00:00:09]}
77. Kh8 {[%clk 00:28:13]} {[%emt 00:00:09]} Rh6+ {[%clk 00:33:12]} {[%emt
00:00:07]} 0-1